| 000 | 00000nam 2200000za 4500 |
| 001 | 9.590828 |
| 003 | CaOODSP |
| 005 | 20250814115837 |
| 007 | cr ||||||||||| |
| 008 | 150406|2001||||oncd||||o f|0| 0 fre d |
| 020 | |a0-662-85704-6 |
| 022 | |a1205-9161 |
| 040 | |aCaOODSP|bfre |
| 043 | |an-cn--- |
| 086 | 1 |aCS11-0019/154F-IN |
| 100 | 1 |aBaldwin, John R. |q(John Russel) |
| 245 | 13|aLa formation comme stratégie en matière de ressources humaines : |bla réaction aux pénuries de personnel et au changement technologique / |cpar John R. Baldwin et Valerie Peters. |
| 260 | |aOttawa - Ontario : |bStatistique Canada |cMars 2001. |
| 300 | |a48 p. : |bfigure, références, tableaux |
| 490 | 1 |aDocuments de recherche - Direction des études analytiques, |x1205-9161 ; |vN° 154 |
| 500 | |aL'ISSN (1200-5231) de l'édition imprimée a été incorrectement copié dans l'édition électronique. |
| 590 | |a12-37-Supp|b2012-09-24 |
| 710 | 2 |aStatistique Canada. |
| 775 | 08|tTraining as a human resource strategy : |w(CaOODSP)9.557754 |
| 776 | 0#|tLa formation comme stratégie en matière de ressources humaines : |w(CaOODSP)9.625429 |
| 830 | #0|aDocuments de recherche (Statistique Canada. Direction des études analytiques)|x1205-9161 ; |vN° 154.|w(CaOODSP)9.500842 |
| 856 | 40|ahttp://publications.gc.ca|qPDF|s156 Ko|uhttps://publications.gc.ca/collections/Collection/CS11-0019-154F.pdf|yN° 154 |